000 00471nam a2200181Ia 4500
001 3093
005 20260306144855.0
008 260306t2019||||xx |||||||||||||| ||spa||
041 _aESP
082 _a250.84
_bM84
100 _aMontes Arraztoa, Bernardo J.
_eAUT
245 0 _aEvolución y revolución de los sínodos sobre la familia 2014-2016
260 _c2019
300 _a276 páginas :
_c24 cm.
650 _aGEN
654 _aCHU
942 _cLIB
_dJUS
_fJUS
_2ddc
_n
999 _c3093
_d3093